000 00804nam a2200265 a 4500
001 000015997
003 DO-SdBNP
005 20180312103025.0
007 000015997
008 100223s 2005 sp a 000 d spa d
020 _a8420468800
040 _aBPMSU
_bspa
_cBPMSU
092 _a862.3
_bC146v
100 1 _aCalderón de la Barca, Pedro,
_d1600–1681
245 1 3 _aLa vida es sueño /
_cPedro Calderón de la Barca.
260 _aMadrid :
_bAfaguara,
_c2005.
300 _a183 p. :
_bil.,
_c23 cm.
490 1 _aContemporáneo. Roja
504 _aIncluye referencias bibliográficas y notas al pie de las páginas.
650 4 _aTEATRO ESPAÑOL
650 4 _aLITERATURA ESPAÑOLA
830 0 _aContemporáneo. (Roja )
942 _2ddc
_cBK
956 _aVMATEO
_b10
_c20151217
_lBMSU
_h00151
999 _c9135
_d9135